书目信息 |
| 题名: |
湿地工程学
|
|
| 作者: | 张明祥 , 张振明 主编 | |
| 分册: | ||
| 出版信息: | 北京 中国林业出版社 2019.11 |
|
| 页数: | 176页 | |
| 开本: | 26cm | |
| 丛书名: | 全国自然资源保护与管理系列教材 | |
| 单 册: | ||
| 中图分类: | P941.78 | |
| 科图分类: | ||
| 主题词: | 沼泽化地--zhao ze hua di--自然资源保护--高等教育--教材 | |
| 电子资源: | ||
| ISBN: | 978-7-5219-0347-8 | |
| 000 | 01189nam 2200313 450 | |
| 001 | 0100015766 | |
| 005 | 20201009150355.0 | |
| 010 | @a978-7-5219-0347-8@dCNY38.00 | |
| 100 | @a20200527d2019 em y0chiy50 ea | |
| 101 | 0 | @achi |
| 102 | @aCN@b110000 | |
| 105 | @aa a 000yy | |
| 106 | @ar | |
| 200 | 1 | @a湿地工程学@Ashi di gong cheng xue@f张明祥, 张振明主编 |
| 210 | @a北京@c中国林业出版社@d2019.11 | |
| 215 | @a176页@c图@d26cm | |
| 225 | 2 | @a全国自然资源保护与管理系列教材@Aquan guo zi ran zi yuan bao hu yu guan li xi lie jiao cai |
| 312 | @a英文题名取自封面 | |
| 320 | @a有书目 (第146-151页) | |
| 330 | @a本书共8章, 内容包括: 湿地生态空间区划、湿地保护工程、湿地恢复工程、湿地科研监测工程、湿地科普宣教工程、湿地合理利用工程、湿地工程建设程序与要求等。 | |
| 333 | @a国家林业和草原局普通高等教育“十三五”规划教材 | |
| 410 | 0 | @12001 @a全国自然资源保护与管理系列教材 |
| 510 | 1 | @aWetland engineering@zeng |
| 606 | 0 | @a沼泽化地@Azhao ze hua di@x自然资源保护@x高等教育@j教材 |
| 690 | @aP941.78@v5 | |
| 701 | 0 | @a张明祥@Azhang ming xiang@4主编 |
| 701 | 0 | @a张振明@Azhang zhen ming@4主编 |
| 801 | 0 | @aCN@c20201009 |
| 905 | @a河南城建学院图书馆@dP941.78@eZ147@f2 | |
| 湿地工程学/张明祥, 张振明主编.-北京:中国林业出版社,2019.11 |
| 176页:图;26cm.-(全国自然资源保护与管理系列教材) |
| 使用对象:国家林业和草原局普通高等教育“十三五”规划教材 |
| ISBN 978-7-5219-0347-8:CNY38.00 |
| 本书共8章, 内容包括: 湿地生态空间区划、湿地保护工程、湿地恢复工程、湿地科研监测工程、湿地科普宣教工程、湿地合理利用工程、湿地工程建设程序与要求等。 |
| ● |
| 相关链接 |
|
|
|
正题名:湿地工程学
索取号:P941.78/Z147
 
预约/预借
| 序号 | 登录号 | 条形码 | 馆藏地/架位号 | 状态 | 备注 |
| 1 | 1494950 | 214949500 | 自科库401/401自科库 135排2列4层/ [索取号:P941.78/Z147] | 在馆 | |
| 2 | 1494951 | 214949519 | 自科库401/401自科库 135排2列4层/ [索取号:P941.78/Z147] | 在馆 |